How people learned to fly / (Record no. 6851)

MARC details
000 -LEADER
fixed length control field 00916nam a22002897a 4500
001 - CONTROL NUMBER
control field 6851
003 - CONTROL NUMBER IDENTIFIER
control field FISKH
005 - DATE AND TIME OF LATEST TRANSACTION
control field 20250603105038.0
008 - FIXED-LENGTH DATA ELEMENTS--GENERAL INFORMATION
fixed length control field 250603b cb ||||| |||| 00| 0 eng d
020 ## - INTERNATIONAL STANDARD BOOK NUMBER
International Standard Book Number 9780545537988
040 ## - CATALOGING SOURCE
Original cataloging agency FISKH
Language of cataloging eng
Transcribing agency FISKH
Modifying agency FISKH
050 ## - LIBRARY OF CONGRESS CALL NUMBER
Classification number TL547 .H6165
082 ## - DEWEY DECIMAL CLASSIFICATION NUMBER
Classification number 629.13
100 ## - MAIN ENTRY--PERSONAL NAME
Personal name Hodgkins, Fran
245 ## - TITLE STATEMENT
Title How people learned to fly /
Statement of responsibility, etc. by Fran Hodgkins ; illustrated by True Kelly
250 ## - EDITION STATEMENT
Edition statement First Scholastic printing, December 2012
260 ## - PUBLICATION, DISTRIBUTION, ETC.
Place of publication, distribution, etc. New York :
Name of publisher, distributor, etc. Scholastic,
Date of publication, distribution, etc. 2007
300 ## - PHYSICAL DESCRIPTION
Extent 33 pages :
Other physical details color illustrations ;
Dimensions 21 x​ 23 cm
505 ## - FORMATTED CONTENTS NOTE
Formatted contents note N<br/>
520 ## - SUMMARY, ETC.
Summary, etc. A simple look at the trials and errors that led to the development of the airplane.
521 8# - TARGET AUDIENCE NOTE
Target audience note 550<br/>
Source Lexile<br/>
521 8# - TARGET AUDIENCE NOTE
Target audience note N<br/>
Source Raz-Plus<br/>
650 ## - SUBJECT ADDED ENTRY--TOPICAL TERM
Topical term or geographic name entry element Airplane
Form subdivision Science
General subdivision Picture Book
700 ## - ADDED ENTRY--PERSONAL NAME
Personal name Kelly, True
Relator term illustrator
942 ## - ADDED ENTRY ELEMENTS (KOHA)
Source of classification or shelving scheme Dewey Decimal Classification
Koha item type Books
Suppress in OPAC No
Holdings
Withdrawn status Lost status Source of classification or shelving scheme Damaged status Not for loan Collection Home library Current library Shelving location Date acquired Total Checkouts Full call number Barcode Date last seen Date last checked out Copy number Price effective from Koha item type
    Dewey Decimal Classification     Non-Fiction Footprints International School Library Network Toul Kork Campus Footprints International School Library Network Toul Kork Campus TK Primary Library Room(4th Floor), Bookcase 3&4, Shelves 17-32, Yellow Books 06/03/2025 2 HOD 629.13 TL547 .H6165 FISTK02275 03/20/2026 01/30/2026 1 06/03/2025 Books